Descubrir la sexualidad

Zapisane w:
Opis bibliograficzny
1. autor: Zegers Prado, Beatriz (Autor)
Format: Książka
Język:hiszpański
Wydane: Santiago Universidad Católica de Chile 2003
Seria:Lecciones
Hasła przedmiotowe:
Etykiety: Dodaj etykietę
Nie ma etykietki, Dołącz pierwszą etykiete!

MARC

LEADER 00000nam a2200000 a 4500
001 UCL4542
003 CL-VaPUC
008 040116e20030000CL |||||||||||||||||spa|d
020 |a 9561406829 
082 0 4 |a 155.3  |b ZEG  |2 21 
100 0 |a Zegers Prado, Beatriz  |e author  |9 482106 
245 1 0 |a Descubrir la sexualidad 
300 |a 246 p 
942 |c BK 
945 |d 20040116 00:00:00  |a cmena 
260 |a Santiago  |b Universidad Católica de Chile  |c 2003 
650 0 |a Sexo  |9 257818 
650 0 |a Educación sexual  |9 308005 
650 0 |a Naturaleza humana   |9 308593 
650 0 |a Psicología   |9 257863 
583 |a last modification  |c 20040116 00:00:00  |k Rodrigo Vera 
490 0 |a Lecciones 
999 |c 307364  |d 307362 
952 |0 0  |1 0  |4 0  |6 155_300000000000000_ZEG_2003  |7 0  |8 A  |9 373290  |a BIBEDU  |b BIBEDU  |d 2019-11-21  |i 3979024  |o 155.3 ZEG 2003  |p 3979024  |r 2019-11-21  |w 2019-11-21  |y BK  |k EBA